[Event "Ct. Girona indiv. Absolut"]
[Site "Girona"]
[Date "2013.10.27"]
[Round "5"]
[White "Perez Lopez, A."]
[Black "Mallol Descarrega, A."]
[Result "1-0"]
[WhiteElo "1796"]
[BlackElo "1356"]
[PlyCount "101"]
[EventDate "2013.??.??"]
[EventType "swiss"]
[EventRounds "9"]

1. Nf3 d5 2. g3 Nc6 3. Bg2 e5 4. d3 h6 5. O-O Nf6 6. c4 Bc5 7. a3 Be6 8. b4 Be7
9. b5 Na5 10. Qa4 b6 11. Nxe5 dxc4 12. dxc4 Qd4 13. Ra2 Rc8 14. Bb2 Qc5 15. Rd1
c6 16. Bd4 Qd6 17. Rad2 Bxc4 18. Nxc4 Nxc4 19. Qxc4 O-O 20. Bxb6 Qe5 21. Qd4
Qxb5 22. Bxa7 Rfd8 23. Qc3 Rxd2 24. Qxd2 Rd8 25. Qc2 Rxd1+ 26. Qxd1 Bxa3 27.
Nxa3 Qa5 28. Bd4 Qxa3 29. Bxf6 gxf6 30. Be4 c5 31. Qd8+ Kg7 32. Qe7 Qc1+ 33.
Kg2 Qc4 34. Bd3 Qd5+ 35. Qe4 Qxe4+ 36. Bxe4 Kf8 37. Kf3 Ke7 38. Kf4 Ke6 39. h4
c4 40. g4 c3 41. Ke3 Ke5 42. f4+ Kd6 43. h5 Kc5 44. g5 fxg5 45. fxg5 c2 46. Kd2
c1=Q+ 47. Kxc1 Kd4 48. gxh6 Kxe4 49. h7 f5 50. h8=Q Kf4 51. Kd2 1-0

[Event "Ct. Girona indiv. Absolut"]
[Site "Girona"]
[Date "2013.10.27"]
[Round "5"]
[White "Pinsach Gelabert, A."]
[Black "Vidal Zamora, A."]
[Result "1-0"]
[WhiteElo "2102"]
[BlackElo "2182"]
[PlyCount "39"]
[EventDate "2013.??.??"]
[EventType "swiss"]
[EventRounds "9"]

1. e4 c5 2. Nf3 e6 3. d4 cxd4 4. Nxd4 a6 5. Bd3 Bc5 6. Nb3 Ba7 7. Qg4 Nf6 8.
Qg3 d6 9. Nc3 Nc6 10. Bg5 Ne5 11. Be2 b5 12. f4 Ng6 13. e5 dxe5 14. fxe5 h6 15.
exf6 hxg5 16. fxg7 Rg8 17. Rd1 Qb6 18. Ne4 Rxg7 19. Qc3 Nh4 20. Rd6 1-0

[Event "Ct. Girona indiv. Absolut"]
[Site "Girona"]
[Date "2013.10.27"]
[Round "5"]
[White "Pruja Ramirez de Cartagena, E."]
[Black "Caballero Maytin, J."]
[Result "1-0"]
[WhiteElo "1811"]
[BlackElo "1962"]
[PlyCount "75"]
[EventDate "2013.??.??"]
[EventType "swiss"]
[EventRounds "9"]

1. e4 d5 2. exd5 Qxd5 3. Nc3 Qd6 4. g3 Nf6 5. Bg2 c6 6. Nge2 Bf5 7. d3 g6 8. b4
Bg7 9. Rb1 O-O 10. O-O Nbd7 11. b5 Rfd8 12. h3 Nb6 13. g4 Be6 14. Bf4 Qd7 15.
Bg3 Bd5 16. Nxd5 cxd5 17. c3 Rac8 18. a4 Ne8 19. a5 Na8 20. Qb3 b6 21. c4 dxc4
22. dxc4 Qe6 23. Bxa8 Rxa8 24. Nf4 Qc8 25. axb6 axb6 26. Nd5 Qc5 27. Qb4 Ra7
28. Rfd1 Bd4 29. Qxc5 Bxc5 30. Nf6+ Nxf6 31. Rxd8+ Kg7 32. Be5 Kh6 33. Bd4 Ne4
34. Bxc5 Nxc5 35. Rbd1 Ra4 36. Rb8 Rxc4 37. Rxb6 e6 38. Rc6 1-0

[Event "Ct. Girona indiv. Absolut"]
[Site "Girona"]
[Date "2013.10.27"]
[Round "5"]
[White "Radionov, V."]
[Black "Gonzalez Escudero, J."]
[Result "0-1"]
[WhiteElo "1927"]
[BlackElo "1780"]
[PlyCount "79"]
[EventDate "2013.??.??"]
[EventType "swiss"]
[EventRounds "9"]

1. e4 e5 2. c3 Nf6 3. Qc2 Nc6 4. Ne2 d5 5. d3 Be7 6. h3 O-O 7. g3 Qd6 8. Bg2
dxe4 9. dxe4 Rd8 10. Be3 Be6 11. Nd2 Na5 12. b3 Qa6 13. Nf3 Nc6 14. O-O Rd3 15.
Ng5 Bd7 16. Rfd1 Rxd1+ 17. Rxd1 h6 18. Nf3 Rd8 19. Bf1 b5 20. g4 Qc8 21. Ng3 a6
22. Qb2 Be6 23. Rc1 Nd7 24. c4 b4 25. c5 f6 26. Nf5 Ndb8 27. Nd2 Bf8 28. f3 Kh7
29. Kg2 g6 30. Ng3 Nd4 31. f4 Nbc6 32. f5 gxf5 33. Nxf5 Nxf5 34. gxf5 Bf7 35.
Nf3 Qd7 36. Bxa6 Nd4 37. Bxd4 exd4 38. Bd3 Be7 39. Qd2 Rg8+ 40. Kf2 0-1

[Event "Ct. Girona indiv. Absolut"]
[Site "Girona"]
[Date "2013.10.27"]
[Round "5"]
[White "Salagran Ferragut, E."]
[Black "Alsina Franco, S."]
[Result "1-0"]
[WhiteElo "1586"]
[BlackElo "1935"]
[PlyCount "49"]
[EventDate "2013.??.??"]
[EventType "swiss"]
[EventRounds "9"]

1. e4 c6 2. Nc3 d5 3. Nf3 dxe4 4. Nxe4 Nf6 5. Ng3 h5 6. h4 Bg4 7. Be2 Qc7 8.
Ng5 e6 9. Bxg4 Nxg4 10. Qe2 Bc5 11. N5e4 Be7 12. Nxh5 Rxh5 13. Qxg4 g6 14. d3
Qe5 15. Qe2 Rxh4 16. Rxh4 Bxh4 17. Nc3 Qxe2+ 18. Kxe2 Nd7 19. Be3 O-O-O 20. Rh1
Rh8 21. Ne4 Kc7 22. Bg5 f5 23. Bxh4 e5 24. Ng5 Nc5 25. Rh3 1-0

[Event "Ct. Girona indiv. Absolut"]
[Site "Girona"]
[Date "2013.10.27"]
[Round "5"]
[White "Salagran Ferragut, G."]
[Black "Otones Lopez, A."]
[Result "1-0"]
[WhiteElo "1995"]
[BlackElo "1790"]
[PlyCount "29"]
[EventDate "2013.??.??"]
[EventType "swiss"]
[EventRounds "9"]

1. e4 d6 2. d4 Nf6 3. Nc3 g6 4. f3 c6 5. Be3 b5 6. Qd2 Bb7 7. O-O-O Nbd7 8. g4
e5 9. h4 h5 10. g5 Nh7 11. dxe5 dxe5 12. Nxb5 cxb5 13. Bxb5 Bc8 14. Qd5 Rb8 15.
Qxe5+ 1-0

[Event "Ct. Girona indiv. Absolut"]
[Site "Girona"]
[Date "2013.10.27"]
[Round "5"]
[White "Sanchez Luque, J."]
[Black "Mas Recorda, P."]
[Result "0-1"]
[WhiteElo "1895"]
[BlackElo "2032"]
[PlyCount "44"]
[EventDate "2013.??.??"]
[EventType "swiss"]
[EventRounds "9"]

1. e4 e6 2. d4 d5 3. Nc3 Nf6 4. Bg5 Be7 5. e5 Nfd7 6. Bxe7 Qxe7 7. Qg4 O-O 8.
f4 f5 9. Qh3 a6 10. O-O-O c5 11. g4 cxd4 12. Rxd4 fxg4 13. Qxg4 Nxe5 14. fxe5
Rxf1+ 15. Rd1 Rxd1+ 16. Kxd1 Nc6 17. Nf3 Bd7 18. Rg1 Rf8 19. h4 Rf5 20. Re1 h6
21. Ne2 Qf7 22. Ned4 Rf4 0-1

[Event "Ct. Girona indiv. Absolut"]
[Site "Girona"]
[Date "2013.10.27"]
[Round "5"]
[White "Triadu Cassa, J."]
[Black "De Azua Arpi, R."]
[Result "1-0"]
[WhiteElo "2173"]
[BlackElo "1923"]
[PlyCount "79"]
[EventDate "2013.??.??"]
[EventType "swiss"]
[EventRounds "9"]

1. e4 e6 2. d4 d5 3. Nc3 Bb4 4. e5 c5 5. a3 Bxc3+ 6. bxc3 Ne7 7. a4 Nbc6 8. Nf3
Qc7 9. Bd3 Bd7 10. O-O c4 11. Be2 O-O 12. g3 f6 13. exf6 gxf6 14. Bh6 Rf7 15.
Nh4 Ng6 16. Bh5 Nce7 17. Re1 Kh8 18. Nxg6+ Nxg6 19. a5 Rg8 20. Kf1 Qd6 21. Qf3
Qe7 22. Bc1 e5 23. Bxg6 Rxg6 24. dxe5 Qe6 25. exf6 Qh3+ 26. Qg2 Rgxf6 27. Be3
Qh5 28. Kg1 Bh3 29. Qh1 Bg4 30. h4 Kg8 31. Bd4 Rf5 32. Re8+ Rf8 33. Re7 R5f7
34. Re5 Rf5 35. Qxd5+ Qf7 36. Rxf5 Bxf5 37. Qe5 Qg6 38. Re1 Bxc2 39. h5 Qg4 40.
Qd5+ 1-0

[Event "Ct. Girona indiv. Absolut"]
[Site "Girona"]
[Date "2013.11.10"]
[Round "6"]
[White "Alejo Alvarez, R."]
[Black "Diaz Muñoz, S."]
[Result "0-1"]
[WhiteElo "2005"]
[BlackElo "2038"]
[PlyCount "70"]
[EventDate "2013.??.??"]
[EventType "swiss"]
[EventRounds "9"]

1. Nf3 c5 2. g3 b6 3. Bg2 Bb7 4. O-O Nf6 5. d3 e6 6. e4 d6 7. Nbd2 Qc7 8. Re1
Nc6 9. a4 Be7 10. Nc4 O-O 11. Bf4 e5 12. Bg5 Nd7 13. Ne3 Bxg5 14. Nxg5 Ne7 15.
f4 h6 16. Nf3 exf4 17. gxf4 d5 18. e5 d4 19. Nc4 Nd5 20. Nxd4 cxd4 21. Qf3 Nc5
22. Nd6 Ne3 23. Nxb7 Nxg2 24. Nd6 Nxe1 25. Rxe1 Ne6 26. Re2 Kh8 27. h4 Qd7 28.
Rg2 Nc7 29. Qg3 Rg8 30. f5 Nd5 31. Qf3 Ne3 32. Qh5 Raf8 33. f6 Nxg2 34. Nf5 Nf4
35. fxg7+ Rxg7+ 0-1

[Event "Ct. Girona indiv. Absolut"]
[Site "Girona"]
[Date "2013.11.10"]
[Round "6"]
[White "Alsina Franco, S."]
[Black "Gultresa Boada, I."]
[Result "1-0"]
[WhiteElo "1935"]
[BlackElo "1838"]
[PlyCount "55"]
[EventDate "2013.??.??"]
[EventType "swiss"]
[EventRounds "9"]

1. e4 c5 2. c3 Nf6 3. e5 Nd5 4. d4 cxd4 5. Qxd4 e6 6. Nf3 Nc6 7. Qe4 d6 8. exd6
Bxd6 9. Bb5 Bd7 10. O-O O-O 11. Nbd2 f5 12. Qc2 Qf6 13. Nc4 Bf4 14. Bxf4 Nxf4
15. Rad1 Rad8 16. Bxc6 Bxc6 17. Nce5 Be4 18. Qa4 Nxg2 19. Qxa7 Nf4 20. Rxd8
Rxd8 21. Qe3 Rd3 22. Qxf4 Rxf3 23. Nxf3 Qg6+ 24. Ng5 e5 25. Qg3 f4 26. Qg4 Bf5
27. Qg2 h6 28. Qd5+ 1-0

[Event "Ct. Girona indiv. Absolut"]
[Site "Girona"]
[Date "2013.11.10"]
[Round "6"]
[White "Aymerich Verdaguer, E."]
[Black "Kripakov, A."]
[Result "1-0"]
[WhiteElo "1980"]
[BlackElo "1797"]
[PlyCount "61"]
[EventDate "2013.??.??"]
[EventType "swiss"]
[EventRounds "9"]

1. d4 Nf6 2. c4 d6 3. Nc3 e5 4. e4 exd4 5. Qxd4 Nc6 6. Qd1 Be7 7. Be2 O-O 8.
Be3 Re8 9. Qd2 Ng4 10. Bxg4 Bxg4 11. f3 Be6 12. b3 f5 13. O-O-O fxe4 14. Nxe4
Ne5 15. Ne2 a5 16. N2c3 Kh8 17. Nd5 a4 18. Kb2 axb3 19. axb3 Bf8 20. Bd4 Bg8
21. Rhe1 b5 22. Bxe5 Rxe5 23. f4 Re8 24. cxb5 g6 25. Nec3 Rxe1 26. Rxe1 Bg7 27.
Re4 Qd7 28. Re7 Qf5 29. Nxc7 d5 30. Nxa8 d4 31. Rxg7 1-0

[Event "Ct. Girona indiv. Absolut"]
[Site "Girona"]
[Date "2013.11.10"]
[Round "6"]
[White "Caballero Maytin, J."]
[Black "Perez Lopez, A."]
[Result "0-1"]
[WhiteElo "1962"]
[BlackElo "1796"]
[PlyCount "132"]
[EventDate "2013.??.??"]
[EventType "swiss"]
[EventRounds "9"]

1. e4 c6 2. d4 d5 3. Nc3 dxe4 4. Nxe4 Nd7 5. Bc4 Ngf6 6. Qf3 e6 7. Bg5 Qa5+ 8.
Bd2 Qb6 9. Ne2 Nxe4 10. Qxe4 Nf6 11. Qd3 Bd6 12. O-O-O Qc7 13. f4 b5 14. Bb3 a5
15. a4 bxa4 16. Bxa4 Nd5 17. Qc4 Bd7 18. Rhf1 Nb6 19. Qa2 Nxa4 20. Qxa4 c5 21.
Qc4 Rb8 22. dxc5 Bb5 23. Qe4 Bxc5 24. Bc3 Bc6 25. Qd3 Bb5 26. Qf3 f6 27. Rfe1
O-O 28. Ng3 Bb4 29. Bxb4 axb4 30. Qe4 Bc4 31. Rd4 Bd5 32. Qd3 Qa5 33. b3 Rbc8
34. Ne4 Bxb3 35. Qxb3 Qa1+ 36. Kd2 Qxd4+ 37. Qd3 Qxd3+ 38. cxd3 b3 39. Nc3 Kf7
40. Rb1 Rb8 41. Rb2 Rfc8 42. g3 h5 43. Ne4 Ke7 44. d4 h4 45. Nc5 hxg3 46. hxg3
Rh8 47. Ke3 Rh3 48. Kf3 Rb4 49. Nd3 Rb5 50. Nc5 Rh1 51. Rxb3 Rxb3+ 52. Nxb3 f5
53. Nc5 Rd1 54. Ke3 Kd6 55. Na4 Ra1 56. Nc3 Rc1 57. Kd2 Rg1 58. Ne2 Rg2 59. Ke3
Kd5 60. Nc3+ Kc4 61. Ne2 Rxe2+ 62. Kxe2 Kxd4 63. Kf3 Kd3 64. g4 g6 65. Kf2 Ke4
66. Kg3 Ke3 0-1

[Event "Ct. Girona indiv. Absolut"]
[Site "Girona"]
[Date "2013.11.10"]
[Round "6"]
[White "De Azua Arpi, R."]
[Black "Salleras Mercader, JM."]
[Result "1-0"]
[WhiteElo "1923"]
[BlackElo "1455"]
[PlyCount "86"]
[EventDate "2013.??.??"]
[EventType "swiss"]
[EventRounds "9"]

1. d4 e6 2. c4 d5 3. Nc3 c5 4. e3 Nf6 5. Nf3 Be7 6. cxd5 exd5 7. Bb5+ Bd7 8.
Be2 Bf5 9. O-O O-O 10. dxc5 Bxc5 11. Nd4 Bg6 12. Qb3 Nc6 13. Rd1 Nb4 14. a3
Bxd4 15. Qxb4 Bxc3 16. Qxc3 Rc8 17. Qd4 Rc2 18. Bd3 Bxd3 19. Qxd3 Qc7 20. Bd2
Rxb2 21. Rac1 Qd7 22. Bc3 Rb3 23. Qc2 Rb6 24. Bd4 Rc6 25. Qb2 Rxc1 26. Rxc1 Rc8
27. Rxc8+ Qxc8 28. Bxa7 Qg4 29. f3 Qa4 30. Bd4 Qc6 31. Kf2 h6 32. Bxf6 gxf6 33.
Qd4 Qc2+ 34. Kg3 Qg6+ 35. Kh3 Qh5+ 36. Qh4 Qxh4+ 37. Kxh4 Kg7 38. Kg4 Kg6 39.
Kf4 b5 40. g3 h5 41. h4 f5 42. Ke5 f6+ 43. Kxd5 Kf7 1-0

[Event "Ct. Girona indiv. Absolut"]
[Site "Girona"]
[Date "2013.11.10"]
[Round "6"]
[White "Garcia Taberner, L."]
[Black "Bigas Hospital, J."]
[Result "1/2-1/2"]
[WhiteElo "1963"]
[BlackElo "1843"]
[PlyCount "78"]
[EventDate "2013.??.??"]
[EventType "swiss"]
[EventRounds "9"]

1. e4 e5 2. Nf3 Nc6 3. Bc4 Nf6 4. d3 Be7 5. O-O d6 6. c3 O-O 7. Nbd2 a6 8. a4
h6 9. Re1 Be6 10. d4 Bxc4 11. Nxc4 exd4 12. Nxd4 Nxd4 13. Qxd4 Nd7 14. Bf4 Bf6
15. Qd1 Bg5 16. Bg3 Re8 17. Qf3 Qf6 18. Qxf6 Bxf6 19. f3 g6 20. Ne3 Bg7 21. Nd5
Rac8 22. Bh4 g5 23. Bf2 Nf6 24. Ne3 Kh7 25. Nf5 Bh8 26. Bd4 Nh5 27. Bxh8 Rxh8
28. g3 Ng7 29. Ne7 Rcd8 30. Nd5 Ne6 31. b4 Kg7 32. Red1 Rhe8 33. Ne3 Kg6 34.
Kf2 Ng7 35. Rd5 Re6 36. Rad1 Rde8 37. Nf5 Re5 38. Nxg7 Kxg7 39. g4 Kg6 1/2-1/2

[Event "Ct. Girona indiv. Absolut"]
[Site "Girona"]
[Date "2013.11.10"]
[Round "6"]
[White "Gonzalez Escudero, J."]
[Black "Cano Egea, G."]
[Result "1-0"]
[WhiteElo "1780"]
[BlackElo "1935"]
[PlyCount "63"]
[EventDate "2013.??.??"]
[EventType "swiss"]
[EventRounds "9"]

1. e4 e5 2. Nf3 Nc6 3. d4 exd4 4. Nxd4 Nf6 5. Nxc6 bxc6 6. e5 Qe7 7. Qe2 Nd5 8.
c4 Nb6 9. Nc3 Qe6 10. Qe4 g6 11. Bd3 Bg7 12. f4 O-O 13. O-O Ba6 14. b3 d5 15.
cxd5 cxd5 16. Qf3 Bxd3 17. Qxd3 f6 18. Ba3 Rf7 19. exf6 Qxf6 20. Ne2 Qxa1 21.
Rxa1 Bxa1 22. g3 Bf6 23. Bc5 Re8 24. Nd4 Bg7 25. a4 Bf8 26. Bxf8 Kxf8 27. Nc6
Rf6 28. Nxa7 c6 29. Qc3 Nd7 30. Nxc6 Rc8 31. Qb4+ Kg7 32. Qb7 1-0

[Event "Ct. Girona indiv. Absolut"]
[Site "Girona"]
[Date "2013.11.10"]
[Round "6"]
[White "Lillo Castany, V."]
[Black "Salagran Ferragut, E."]
[Result "1-0"]
[WhiteElo "2324"]
[BlackElo "1586"]
[PlyCount "67"]
[EventDate "2013.??.??"]
[EventType "swiss"]
[EventRounds "9"]

1. e4 c5 2. Nf3 Nc6 3. Bb5 a6 4. Bxc6 dxc6 5. O-O Qc7 6. a4 b5 7. Nc3 e5 8.
axb5 cxb5 9. Nxb5 Qb8 10. Nc3 Ne7 11. d3 Nc6 12. h3 Bd6 13. Nd2 Be6 14. b3 O-O
15. Nc4 Bc7 16. Na4 Bxc4 17. bxc4 Bd6 18. Be3 Nd4 19. c3 Ne6 20. Rb1 Qc7 21.
Nb6 Rab8 22. Nd5 Rxb1 23. Qxb1 Qb8 24. Qa2 Qa7 25. Ra1 Ra8 26. Qa5 h6 27. Rb1
Rb8 28. Rxb8+ Bxb8 29. Nb4 Bc7 30. Qa4 Bb6 31. Qe8+ Kh7 32. Nc6 Qc7 33. Ne7 Qd8
34. Qxf7 1-0

[Event "Ct. Girona indiv. Absolut"]
[Site "Girona"]
[Date "2013.11.10"]
[Round "6"]
[White "Mas Recorda, P."]
[Black "Triadu Cassa, J."]
[Result "0-1"]
[WhiteElo "2032"]
[BlackElo "2173"]
[PlyCount "58"]
[EventDate "2013.??.??"]
[EventType "swiss"]
[EventRounds "9"]

1. d4 Nf6 2. c4 c5 3. d5 e6 4. Nc3 exd5 5. cxd5 d6 6. e4 g6 7. f3 Bg7 8. Nge2
O-O 9. Ng3 Na6 10. Be2 Nc7 11. O-O b6 12. a4 a6 13. Bf4 Re8 14. Qd2 Rb8 15. Bg5
Qe7 16. Rad1 Qf8 17. h3 Nd7 18. Be3 b5 19. axb5 axb5 20. Bd3 Ne5 21. b3 b4 22.
Nce2 Nxd3 23. Qxd3 Ba6 24. Qc2 Nb5 25. f4 Nc3 26. Rf2 Bxe2 27. Rxe2 Nxd1 28.
Qxd1 f5 29. exf5 Rxe3 0-1

[Event "Ct. Girona indiv. Absolut"]
[Site "Girona"]
[Date "2013.11.10"]
[Round "6"]
[White "Pinsach Gelabert, A."]
[Black "Dorca Dilme, R."]
[Result "1-0"]
[WhiteElo "2102"]
[BlackElo "2196"]
[PlyCount "91"]
[EventDate "2013.??.??"]
[EventType "swiss"]
[EventRounds "9"]

1. e4 g6 2. d4 Bg7 3. Nc3 d6 4. f4 Nf6 5. Nf3 O-O 6. e5 Ne8 7. Bc4 c6 8. Be3 b5
9. Bb3 d5 10. h3 Nc7 11. g4 f6 12. Qd2 Nd7 13. exf6 exf6 14. f5 Nb6 15. Nh4 g5
16. Nf3 a5 17. a4 Qd6 18. Ne4 Qb4 19. Nc5 Qxd2+ 20. Kxd2 Re8 21. h4 h6 22. hxg5
hxg5 23. Rae1 bxa4 24. Nxa4 Nxa4 25. Bxa4 Bd7 26. Bf2 Rxe1 27. Nxe1 Bf8 28. Nd3
Nb5 29. Bxb5 cxb5 30. Nc5 Bxc5 31. dxc5 Kg7 32. Re1 Re8 33. Rxe8 Bxe8 34. Kd3
Bc6 35. Be1 b4 36. Kd4 Kf7 37. b3 Ke7 38. c3 a4 39. cxb4 axb3 40. Bc3 Kd7 41.
Bb2 Bb5 42. Kxd5 Be2 43. Bxf6 Bxg4 44. c6+ Kc8 45. b5 Bf3+ 46. Kc5 1-0

[Event "Ct. Girona indiv. Absolut"]
[Site "Girona"]
[Date "2013.11.10"]
[Round "6"]
[White "Ramirez Garcia, L."]
[Black "Salagran Ferragut, G."]
[Result "0-1"]
[WhiteElo "1776"]
[BlackElo "1995"]
[PlyCount "56"]
[EventDate "2013.??.??"]
[EventType "swiss"]
[EventRounds "9"]

1. e4 c5 2. c3 d5 3. exd5 Qxd5 4. d4 cxd4 5. cxd4 Nc6 6. Nf3 Bg4 7. Be2 e6 8.
O-O Nf6 9. Nc3 Qa5 10. h3 Bh5 11. Be3 Bd6 12. Qa4 Qxa4 13. Nxa4 Nd5 14. a3 Bf4
15. Bxf4 Nxf4 16. Bd1 Rd8 17. Nc5 b6 18. Nb3 O-O 19. g3 Nd3 20. g4 Bg6 21. Ra2
Be4 22. Ng5 Bd5 23. Nf3 a5 24. a4 Ncb4 25. Ra3 Nxb2 26. Nbd2 Rc8 27. Ne5 Rfd8
28. Bf3 Nc2 0-1

[Event "Ct. Girona indiv. Absolut"]
[Site "Girona"]
[Date "2013.11.10"]
[Round "6"]
[White "Saurina Suner, FX."]
[Black "Trias Punset, C."]
[Result "1-0"]
[WhiteElo "1871"]
[BlackElo "1669"]
[PlyCount "87"]
[EventDate "2013.??.??"]
[EventType "swiss"]
[EventRounds "9"]

1. e4 e6 2. b3 d5 3. Bb2 dxe4 4. Nc3 Nf6 5. Qe2 g6 6. g4 Bg7 7. Nxe4 O-O 8.
O-O-O Nxe4 9. Bxg7 Kxg7 10. Qxe4 Qd5 11. Qf4 Qd6 12. Qe3 Rd8 13. Nf3 Bd7 14.
Qc3+ Kg8 15. h4 Bc6 16. h5 Bxf3 17. hxg6 fxg6 18. Qxf3 Nc6 19. Rxh7 Rd7 20.
Rxd7 Qxd7 21. Qf6 Qf7 22. Qxf7+ Kxf7 23. Re1 Rf8 24. Bc4 Nd8 25. Kd1 c6 26. a4
Ke7 27. Ke2 Nf7 28. Kf1 Nd8 29. Kg2 a6 30. Bd3 Kf6 31. Re3 g5 32. Rf3+ Kg7 33.
Rxf8 Kxf8 34. Kf3 Kf7 35. Ke4 Ke7 36. Kd4 Kd6 37. Ke4 Nf7 38. f4 gxf4 39. Kxf4
e5+ 40. Kf5 Nh6+ 41. Kg5 Nf7+ 42. Kf6 Nd8 43. Bf5 b5 44. g5 1-0

[Event "Ct. Girona indiv. Absolut"]
[Site "Girona"]
[Date "2013.11.10"]
[Round "6"]
[White "Serra Canals, O."]
[Black "Campo Echevarria, JF."]
[Result "0-1"]
[WhiteElo "1877"]
[BlackElo "2028"]
[PlyCount "40"]
[EventDate "2013.??.??"]
[EventType "swiss"]
[EventRounds "9"]

1. d4 d5 2. c4 c6 3. Nc3 dxc4 4. a4 Nf6 5. Nf3 Bf5 6. e3 e6 7. Bxc4 Bb4 8. O-O
Nbd7 9. Qe2 O-O 10. Ne5 Nxe5 11. dxe5 Bxc3 12. bxc3 Ne4 13. Ba3 Re8 14. Rac1
Qh4 15. g3 Qh3 16. Bd3 Rad8 17. Rfd1 Rxd3 18. Rxd3 Ng5 19. Rcd1 Be4 20. f4 Nf3+
0-1

[Event "Ct. Girona indiv. Absolut"]
[Site "Girona"]
[Date "2013.11.17"]
[Round "7"]
[White "Alejo Alvarez, MA."]
[Black "Garcia Taberner, L."]
[Result "1/2-1/2"]
[WhiteElo "1716"]
[BlackElo "1963"]
[PlyCount "86"]
[EventDate "2013.??.??"]
[EventType "swiss"]
[EventRounds "9"]

1. d4 e6 2. c4 f5 3. g3 Nf6 4. Bg2 d5 5. Nf3 c6 6. b3 Bd6 7. O-O Qe7 8. Bb2 O-O
9. Ne5 Nbd7 10. Nd2 Ne4 11. Nxe4 fxe4 12. Qc1 Nxe5 13. dxe5 Bc5 14. e3 Bd7 15.
Bd4 Bb6 16. c5 Bc7 17. Qb2 Be8 18. f3 exf3 19. Rxf3 Bg6 20. Raf1 Rxf3 21. Rxf3
Be4 22. Rf4 Bxg2 23. Kxg2 Rf8 24. Qf2 g5 25. Rxf8+ Qxf8 26. Qxf8+ Kxf8 27. g4
Ke8 28. Kf3 b6 29. b4 bxc5 30. bxc5 Kd7 31. Ke2 Kc8 32. Kd3 Kb7 33. Kc3 Ka6 34.
Kb3 Kb5 35. a4+ Ka6 36. Bc3 Bd8 37. Kc2 Be7 38. Bd4 Ka5 39. Kb3 Bf8 40. Bc3+
Ka6 41. Bd4 Be7 42. Kc2 Ka5 43. Kb3 Ka6 1/2-1/2

[Event "Ct. Girona indiv. Absolut"]
[Site "Girona"]
[Date "2013.11.17"]
[Round "7"]
[White "Bigas Hospital, J."]
[Black "Mestres Ramon, P."]
[Result "1-0"]
[WhiteElo "1843"]
[BlackElo "1684"]
[PlyCount "83"]
[EventDate "2013.??.??"]
[EventType "swiss"]
[EventRounds "9"]

1. e4 e5 2. Nf3 Nc6 3. d4 exd4 4. Bc4 Be7 5. c3 d3 6. Qxd3 d6 7. h3 Nf6 8. Bf4
O-O 9. O-O h6 10. Re1 Nd7 11. Qe3 Bf6 12. Nbd2 Nde5 13. Nxe5 dxe5 14. Bg3 Qe7
15. Bb5 Bd7 16. Rad1 a6 17. Ba4 b5 18. Bc2 Na5 19. f4 Rfd8 20. b4 Nb7 21. Nf3
exf4 22. Bxf4 g5 23. Bg3 Be6 24. e5 Bg7 25. Qe4 c5 26. a3 Bc4 27. Bf2 cxb4 28.
axb4 Rxd1 29. Rxd1 Qc7 30. Bd4 Be6 31. Rf1 a5 32. Bc5 Nxc5 33. Qxa8+ Bf8 34.
bxc5 Qxc5+ 35. Kh1 Qxc3 36. Qe4 Bg7 37. Rd1 Qc7 38. Nd4 b4 39. Nxe6 fxe6 40.
Rf1 Bxe5 41. Qg6+ Bg7 42. Qh7# 1-0

[Event "Ct. Girona indiv. Absolut"]
[Site "Girona"]
[Date "2013.11.17"]
[Round "7"]
[White "Campo Echevarria, JF."]
[Black "Aymerich Verdaguer, E."]
[Result "0-1"]
[WhiteElo "2028"]
[BlackElo "1980"]
[PlyCount "116"]
[EventDate "2013.??.??"]
[EventType "swiss"]
[EventRounds "9"]

1. d4 Nf6 2. c4 g6 3. g3 Bg7 4. Bg2 d6 5. Nc3 O-O 6. Nf3 Nc6 7. O-O h6 8. d5
Na5 9. Nd2 c5 10. Qc2 a6 11. b3 Rb8 12. Bb2 b5 13. Rab1 Nd7 14. Nd1 Bxb2 15.
Rxb2 bxc4 16. bxc4 Rb4 17. a3 Rxb2 18. Qxb2 Qb6 19. Qc3 Bb7 20. Ne3 Rb8 21. Rb1
Qc7 22. Bh3 Nf6 23. Ng4 Nxg4 24. Bxg4 Rf8 25. e4 Bc8 26. Bxc8 Rxc8 27. Qb2 f6
28. Kg2 Kf7 29. Kf3 Ke8 30. Qb6 Qxb6 31. Rxb6 Ra8 32. h4 h5 33. Ke3 Kd7 34. f4
Kc7 35. Rb1 Re8 36. Kd3 e6 37. Nf3 exd5 38. exd5 Re7 39. Re1 Rxe1 40. Nxe1 Nb3
41. Nf3 Kb6 42. Kc3 Nc1 43. Ng1 Ka5 44. Kc2 Ka4 45. Kxc1 Kxa3 46. Kc2 Kb4 47.
Kd3 a5 48. Ne2 Kb3 49. Nc1+ Kb2 50. Kd2 a4 51. Nd3+ Kb1 52. Nxc5 dxc5 53. d6 a3
54. d7 a2 55. d8=Q a1=Q 56. Qb6+ Qb2+ 57. Qxb2+ Kxb2 58. Kd3 f5 0-1

[Event "Ct. Girona indiv. Absolut"]
[Site "Girona"]
[Date "2013.11.17"]
[Round "7"]
[White "Cano Egea, G."]
[Black "Saurina Suner, FX."]
[Result "1-0"]
[WhiteElo "1935"]
[BlackElo "1871"]
[PlyCount "55"]
[EventDate "2013.??.??"]
[EventType "swiss"]
[EventRounds "9"]

1. e4 e5 2. Nf3 Nf6 3. Nxe5 Nxe4 4. Qe2 Qe7 5. Qxe4 d6 6. d4 dxe5 7. Qxe5 Qxe5+
8. dxe5 Bf5 9. c3 Nd7 10. Bf4 O-O-O 11. Bc4 Nxe5 12. Bxe5 Re8 13. f4 f6 14. O-O
fxe5 15. fxe5 Bc5+ 16. Kh1 Rxe5 17. Rxf5 Rxf5 18. Be6+ Kb8 19. Bxf5 Rf8 20. g4
g6 21. Bd3 Rf3 22. Bc4 Rf4 23. Nd2 Rf2 24. Ne4 Rf4 25. Re1 c6 26. Nxc5 Rxc4 27.
Ne4 Ra4 28. a3 1-0

[Event "Ct. Girona indiv. Absolut"]
[Site "Girona"]
[Date "2013.11.17"]
[Round "7"]
[White "Diaz Muñoz, S."]
[Black "Pinsach Gelabert, A."]
[Result "0-1"]
[WhiteElo "2038"]
[BlackElo "2102"]
[PlyCount "120"]
[EventDate "2013.??.??"]
[EventType "swiss"]
[EventRounds "9"]

1. e4 e5 2. Nf3 Nc6 3. Bb5 a6 4. Ba4 Nf6 5. O-O b5 6. Bb3 Bb7 7. d3 Be7 8. Nc3
O-O 9. a4 b4 10. Nd5 Na5 11. Ba2 Nxd5 12. Bxd5 Bxd5 13. exd5 d6 14. Qe1 c5 15.
Nd2 f5 16. Qe2 Qb6 17. b3 Bf6 18. Rb1 Rae8 19. Qf3 e4 20. dxe4 fxe4 21. Nxe4
Bd4 22. Bf4 Be5 23. g3 Qd8 24. Rbe1 g5 25. Qg4 Bxf4 26. gxf4 Rxf4 27. Qg2 Re5
28. f3 Rxd5 29. Qh3 Rdf5 30. Qh6 Nb7 31. Kh1 Qf8 32. Qe6+ Kh8 33. Ng3 Nd8 34.
Qd7 Rf7 35. Qc8 Rxf3 36. Qxa6 Rf2 37. Qb5 Rxf1+ 38. Rxf1 Rxf1+ 39. Qxf1 Qxf1+
40. Nxf1 Nc6 41. Ne3 Kg8 42. Nf5 d5 43. Ne3 Kf7 44. Nxd5 Ke6 45. Ne3 Ke5 46.
Kg2 Kd4 47. Kf2 Na5 48. Kf3 h5 49. Nf5+ Kc3 50. Ng7 Kxc2 51. Ne6 Nxb3 52. Nxg5
Nd4+ 53. Ke3 b3 54. Ne4 b2 55. Nd2 Nb3 56. Nc4 b1=Q 57. Na3+ Kc1 58. Nxb1 Kxb1
59. Kd3 Na5 60. Kc3 Ka2 0-1

[Event "Ct. Girona indiv. Absolut"]
[Site "Girona"]
[Date "2013.11.17"]
[Round "7"]
[White "Dorca Dilme, R."]
[Black "Gonzalez Escudero, J."]
[Result "1-0"]
[WhiteElo "2196"]
[BlackElo "1780"]
[PlyCount "74"]
[EventDate "2013.??.??"]
[EventType "swiss"]
[EventRounds "9"]

1. e4 e6 2. Nc3 d5 3. Nf3 c5 4. Bb5+ Nc6 5. O-O Nf6 6. exd5 Nxd5 7. d4 Nxc3 8.
bxc3 Bd7 9. Re1 Be7 10. d5 exd5 11. Bg5 Be6 12. Bxe7 Kxe7 13. Bxc6 bxc6 14. Ng5
Qd7 15. Qg4 Rae8 16. Nxe6 fxe6 17. Qxg7+ Kd8 18. Qe5 Qc7 19. Qf6+ Kd7 20. Rxe6
Rxe6 21. Qxh8 Kd6 22. Rb1 Qe7 23. Qb8+ Qc7 24. Qf8+ Qe7 25. Qf4+ Re5 26. Re1
Qg5 27. Qxe5+ Qxe5 28. Rxe5 Kxe5 29. Kf1 c4 30. Ke2 c5 31. g3 d4 32. Kf3 d3 33.
Ke3 dxc2 34. f4+ Kf5 35. Kd2 c1=Q+ 36. Kxc1 h5 37. Kd2 h4 1-0